000 00665nam a22002297a 4500
001 9109
003 FISKH
005 20260213112738.0
008 251121b cb ||||| |||| 00| 0 eng d
040 _aFISKH
_beng
_cFISKH
_dFISKH
050 _aPZ7
082 _a388
100 _aJohns, Edwin
_eAuthor
245 _aGetting there /
_cby Edwin Johns
260 _aHong Kong :
_bScholastic Inc. ,
_c2007
300 _a12 pages :
_bcolor illustrations ;
_c23 cm
520 _aSimple text and photographs explain how you can get from place to place.
521 8 _aBR30
_bLexile
650 _aChildren's book
_vEarly reader
942 _2ddc
_cBK
_n0
999 _c9109
_d9109